Shellfish / (Record no. 7267)

MARC details
000 -LEADER
fixed length control field 01459cam a22004097i 4500
001 - CONTROL NUMBER
control field 7267
003 - CONTROL NUMBER IDENTIFIER
control field FISKH
005 - DATE AND TIME OF LATEST TRANSACTION
control field 20250707084527.0
008 - FIXED-LENGTH DATA ELEMENTS--GENERAL INFORMATION
fixed length control field 150501s2013 nyua b 000 0 eng d
010 ## - LIBRARY OF CONGRESS CONTROL NUMBER
LC control number 2014451948
020 ## - INTERNATIONAL STANDARD BOOK NUMBER
International Standard Book Number 9780545351720
Qualifying information paperback
020 ## - INTERNATIONAL STANDARD BOOK NUMBER
International Standard Book Number 0545351723
Qualifying information paperback
040 ## - CATALOGING SOURCE
Original cataloging agency CQF
Language of cataloging eng
Transcribing agency CQF
Modifying agency DLC
050 ## - LIBRARY OF CONGRESS CALL NUMBER
Classification number QL405 .B468
082 ## - DEWEY DECIMAL CLASSIFICATION NUMBER
Classification number 594
100 1# - MAIN ENTRY--PERSONAL NAME
Personal name Berger, Melvin.
245 10 - TITLE STATEMENT
Title Shellfish /
Statement of responsibility, etc. by Melvin and Gilda Berger.
260 ## - PUBLICATION, DISTRIBUTION, ETC.
Place of publication, distribution, etc. New York :
Name of publisher, distributor, etc. Scholastic,
Date of publication, distribution, etc. 2013.
300 ## - PHYSICAL DESCRIPTION
Extent 16 pages :
Other physical details color illustrations ;
Dimensions 23 cm.
336 ## - CONTENT TYPE
Content type term text
Source rdacontent
337 ## - MEDIA TYPE
Media type term unmediated
Source rdamedia
338 ## - CARRIER TYPE
Carrier type term volume
Source rdacarrier
490 1# - SERIES STATEMENT
Series statement Discovering my world
500 ## - GENERAL NOTE
General note "This edition is available for distribution only through the school market" -- P. [4] of cover.
505 ## - FORMATTED CONTENTS NOTE
Formatted contents note G<br/>
520 ## - SUMMARY, ETC.
Summary, etc. "Shellfish are sea animals with hard shells. The shells help to keep them safe. What do you know about shellfish?" --
Assigning source Partial summary from back of book.
521 ## - TARGET AUDIENCE NOTE
Target audience note 410<br/>
Source Lexile<br/>
521 ## - TARGET AUDIENCE NOTE
Target audience note G<br/><br/>
Source Raz-Plus<br/>
650 #0 - SUBJECT ADDED ENTRY--TOPICAL TERM
Topical term or geographic name entry element Mollusks
Form subdivision Juvenile literature.
650 #7 - SUBJECT ADDED ENTRY--TOPICAL TERM
Topical term or geographic name entry element Mollusks.
Source of heading or term fast
Authority record control number or standard number (OCoLC)fst01024905
655 #7 - INDEX TERM--GENRE/FORM
Genre/form data or focus term Juvenile works.
Source of term fast
Authority record control number or standard number (OCoLC)fst01411637
655 #7 - INDEX TERM--GENRE/FORM
Genre/form data or focus term Literature.
Source of term lcgft
Authority record control number or standard number https://id.loc.gov/authorities/genreForms/gf2014026415
700 1# - ADDED ENTRY--PERSONAL NAME
Personal name Berger, Gilda.
Relator term Author
906 ## - LOCAL DATA ELEMENT F, LDF (RLIN)
a 7
b cbc
c copycat
d 2
e ncip
f 20
g y-gencatlg
942 ## - ADDED ENTRY ELEMENTS (KOHA)
Source of classification or shelving scheme Dewey Decimal Classification
Koha item type Books
Suppress in OPAC No
Holdings
Withdrawn status Lost status Source of classification or shelving scheme Damaged status Not for loan Collection Home library Current library Shelving location Date acquired Total Checkouts Full call number Barcode Date last seen Copy number Price effective from Koha item type
Withdrawn   Dewey Decimal Classification Damaged   Non-Fiction Footprints International School Library Network Toul Kork Campus Footprints International School Library Network Toul Kork Campus TK Primary Library Room(4th Floor), Bookcase 1&2, Shelves 1-16, Dark Blue Books 07/07/2025   BER 594 QL405 .B468 FISBK05678 07/07/2025 1 07/07/2025 Books